00785 2200241 4500001002100000001002100021005001700042008000500059020002200064035002500086082001200111090001600123100001600139245011600155245006300271260006900334260003300403300003600436650002000472700002200492850001200514990001700526YOGYA000000000001091YOGYA00000000000109120150302084912.0 ind a978-602-8811-97-3 a0010-081400000001131 a899.223 aT 352 Wid P aSUJIWO TEJO aPotensi dan Hambatan Budaya dalam Mempersiapkan Otonomi Daerah Study Tentang Presepsi; Cet.1cWidiyanto,Y.Sigit aLupa Endonesa/cSujiwo Tejo ; penyunting Endah Suci Astuti aJakartabProyek Pemanfaatkan Kebudayaan Direktorat Tradisic2002 aYogyakarta :bBentang,c2013 axiii, 218 hlm.;bilus.;c21 cm. aFiksi Indonesia aEndah Susi Astuti aYOPDYOG a1048-PD/A-04